header

Proceedings of the John Hall Symposium (Record no. 120149)

MARC details
000 -LEADER
fixed length control field 01595nam a2200349Ia 4500
245 10 - TITLE STATEMENT
Title Proceedings of the John Hall Symposium
260 ## - PUBLICATION, DISTRIBUTION, ETC. (IMPRINT)
Place of publication Singapore ;
-- Hackensack, N.J. :
Name of publisher World Scientific,
Year of publication c2006.
300 ## - PHYSICAL DESCRIPTION
Number of Pages xxxviii, 158 p. :
Other physical details ill., ports.
650 #0 - SUBJECT ADDED ENTRY--TOPICAL TERM
Topical Term Frequency standards
Topical Term Laser pulses, Ultrashort
Topical Term Measurement
Topical Term Nonlinear optics
700 1# - ADDED ENTRY--PERSONAL NAME
Personal name Bergquist, James Charles.
Personal name Hall, J. L.
856 40 - ELECTRONIC LOCATION AND ACCESS
Uniform Resource Identifier http://site.ebrary.com/lib/rucke/Doc?id=10201440

No items available.

© 2026 Rongo University
Contact us: librarian | system librarian | Rongo university